Fashion history : (Record no. 9922)
[ view plain ]
| 000 -LEADER | |
|---|---|
| fixed length control field | 01161nam a22002177a 4500 |
| 005 - ΗΜΕΡΟΜΗΝΙΑ ΚΑΙ ΩΡΑ ΤΕΛΕΥΤΑΙΑΣ ΕΝΗΜΕΡΩΣΗΣ | |
| Πεδίο ελέγχου | 20250903130757.0 |
| 006 - FIXED-LENGTH DATA ELEMENTS--ADDITIONAL MATERIAL CHARACTERISTICS | |
| Πεδίο ελέγχου σταθερού μήκους | a|||||r||||||||||| |
| 008 - FIXED-LENGTH DATA ELEMENTS--GENERAL INFORMATION | |
| Πεδίο ελέγχου σταθερού μήκους | 250903b |||||||| |||| 00| 0 eng | |
| 020 ## - ISBN | |
| ISBN | 9783836557191 |
| 040 ## - ΠΗΓΗ ΚΑΤΑΛΟΓΟΓΡΑΦΗΣΗΣ | |
| Φορέας πρωτότυπης καταλογογράφησης | MC Athens Campus Library |
| Γλώσσα καταλογογράφησης | Αγγλικά |
| 245 00 - ΤΙΤΛΟΣ ΚΑΙ ΔΗΛΩΣΗ ΥΠΕΥΘΥΝΟΤΗΤΑΣ | |
| Τίτλος | Fashion history : |
| Remainder of title | from the 18th to the 20th century : the collection of the Kyoto Costume Institute. |
| 246 10 - VARYING FORM OF TITLE | |
| Title proper/short title | Collection of the Kyoto Costume Institute |
| 264 #1 - PRODUCTION, PUBLICATION, DISTRIBUTION, MANUFACTURE, AND COPYRIGHT NOTICE | |
| Place of production, publication, distribution, manufacture | Köln : |
| Name of producer, publisher, distributor, manufacturer | TASCHEN Bibliotheca Universalis, |
| Date of production, publication, distribution, manufacture, or copyright notice | 2022 |
| 300 ## - PHYSICAL DESCRIPTION | |
| Extent | 645 p. : |
| Other physical details | color illustrations ; |
| Διαστάσεις | 20 cm. |
| 504 ## - ΣΗΜΕΙΩΣΗ ΒΙΒΛΙΟΓΡΑΦΙΑΣ κλπ. | |
| Σημείωση βιβλιογραφίας, κλπ. | Includes bibliographical references and index. |
| 505 0# - FORMATTED CONTENTS NOTE | |
| Formatted contents note | Foreword / Akiko Fukai -- The shift from Rococo to revolution: fashion in the 18th century / Tamami Suoh -- The upswing of industrialization: fashion in the 19th century / Miki Iwagami -- The influence of haute couture: fashion in the first half of the 20th century / Reiko Koga -- The age of technological innovation: fashion in the second half of the 20th century / Rie Nii -- Appendix : Designers and fashion houses -- Glossary |
| 650 #0 - SUBJECT ADDED ENTRY--TOPICAL TERM | |
| Topical term or geographic name entry element | Fashion |
| 9 (RLIN) | 9926 |
| 650 #0 - SUBJECT ADDED ENTRY--TOPICAL TERM | |
| Topical term or geographic name entry element | Costume |
| Form subdivision | Exhibitions |
| General subdivision | History |
| 9 (RLIN) | 10084 |
| 942 ## - ADDED ENTRY ELEMENTS (KOHA) | |
| Koha item type | Books |
| Τύπος τεκμηρίου | Βιβλιοθήκη | Τρέχουσα τοποθεσία | Barcode | Αριθμός εισαγωγής | Ημερομηνία απόκτησης | Ταξιθετικό σύμβολο | Αριθμός αντιτύπου | Κατάσταση απόσυρσης | Κατάσταση χαμένου | Κατάσταση κατεστραμμένου | Μη δανεισμός | Σύνολο δανεισμών | Ημερομηνία τελευταίας εμφάνισης | Η τιμή ισχύει από | Σύνολο ανανεώσεων | Χρονολογία τελευταίου δανεισμού |
|---|---|---|---|---|---|---|---|---|---|---|---|---|---|---|---|---|
| Books | MC Athens Campus Library | MC Athens Campus Library | 9780000098931 | 8065 | 03/09/2025 | 391.09 FAS | 1 | 03/09/2025 | 03/09/2025 | |||||||
| Books | MC Athens Campus Library | MC Athens Campus Library | 9780000099587 | 8065 | 21/11/2025 | 391.09 FAS | 1 | 1 | 23/12/2025 | 21/11/2025 | 2 | 04/12/2025 |